Bangladesh : (Record no. 329214)
[ view plain ]
| 000 -LEADER | |
|---|---|
| fixed length control field | 01313cam a2200349 a 4500 |
| 001 - CONTROL NUMBER | |
| control field | 12327590 |
| 003 - CONTROL NUMBER IDENTIFIER | |
| control field | Nust |
| 005 - DATE AND TIME OF LATEST TRANSACTION | |
| control field | 20170427101039.0 |
| 008 - FIXED-LENGTH DATA ELEMENTS--GENERAL INFORMATION | |
| fixed length control field | 001220s2000 bg b b 001 0 eng |
| 010 ## - LIBRARY OF CONGRESS CONTROL NUMBER | |
| LC control number | 00411492 |
| 020 ## - INTERNATIONAL STANDARD BOOK NUMBER | |
| International Standard Book Number | 984051542X |
| 025 ## - OVERSEAS ACQUISITION NUMBER | |
| Overseas acquisition number | B-E-00-411492; 23 |
| 035 ## - SYSTEM CONTROL NUMBER | |
| System control number | (DLC) 00411492 |
| 037 ## - SOURCE OF ACQUISITION | |
| Source of stock number/acquisition | Library of Congress -- New Delhi Field Office |
| Terms of availability | Tk400.00 |
| 040 ## - CATALOGING SOURCE | |
| Original cataloging agency | DLC |
| Transcribing agency | DLC |
| Modifying agency | DLC |
| 042 ## - AUTHENTICATION CODE | |
| Authentication code | lcode |
| 043 ## - GEOGRAPHIC AREA CODE | |
| Geographic area code | a-bg--- |
| 050 00 - LIBRARY OF CONGRESS CALL NUMBER | |
| Classification number | JQ639.15 |
| Item number | B36 2000 |
| 082 00 - DEWEY DECIMAL CLASSIFICATION NUMBER | |
| Classification number | 954.9205 |
| Edition number | 21 |
| Author Mark | JAH |
| 245 00 - TITLE STATEMENT | |
| Title | Bangladesh : |
| Remainder of title | promise and performance / |
| Statement of responsibility, etc. | edited by Rounaq Jahan. |
| 260 ## - PUBLICATION, DISTRIBUTION, ETC. | |
| Place of publication, distribution, etc. | Dhaka : |
| Name of publisher, distributor, etc. | University Press, |
| Date of publication, distribution, etc. | 2000. |
| 300 ## - PHYSICAL DESCRIPTION | |
| Extent | xxxiv, 389 p. : |
| Other physical details | map ; |
| Dimensions | 22 cm. |
| 504 ## - BIBLIOGRAPHY, ETC. NOTE | |
| Bibliography, etc. note | Includes bibliographical references (p. [369]-377) and index. |
| 520 ## - SUMMARY, ETC. | |
| Summary, etc. | Contributed articles on Bangladesh's social, economic, and political developments during the past three decades. |
| 651 #0 - SUBJECT ADDED ENTRY--GEOGRAPHIC NAME | |
| Geographic name | Bangladesh |
| General subdivision | Politics and government |
| Chronological subdivision | 1971- |
| 651 #0 - SUBJECT ADDED ENTRY--GEOGRAPHIC NAME | |
| Geographic name | Bangladesh |
| General subdivision | Economic conditions. |
| 651 #0 - SUBJECT ADDED ENTRY--GEOGRAPHIC NAME | |
| Geographic name | Bangladesh |
| General subdivision | Social conditions. |
| 700 1# - ADDED ENTRY--PERSONAL NAME | |
| Personal name | Jahan, Rounaq. |
| 906 ## - LOCAL DATA ELEMENT F, LDF (RLIN) | |
| a | 7 |
| b | cbc |
| c | origode |
| d | 3 |
| e | ncip |
| f | 20 |
| g | y-gencatlg |
| 942 ## - ADDED ENTRY ELEMENTS (KOHA) | |
| Source of classification or shelving scheme | |
| Koha item type | Book |
| Withdrawn status | Lost status | Source of classification or shelving scheme | Damaged status | Not for loan | Permanent Location | Current Location | Date acquired | Total Checkouts | Full call number | Barcode | Date last seen | Price effective from | Koha item type |
|---|---|---|---|---|---|---|---|---|---|---|---|---|---|
| School of Civil and Environmental Engineering (SCEE) | School of Civil and Environmental Engineering (SCEE) | 04/27/2017 | 954.9205 JAH | NIT-9108 | 04/27/2017 | 04/27/2017 | Book |
